Wszyscy Mistrzowie Krajów w Europie 2019-20 - Statystyki

Ogólne statystyki
  • Ten quiz został rozwiązany 85 razy
  • Średni wynik to 15 z 46
Statystyki odpowiedzi
Kraj Mistrz % Poprawnych
Polska Legia Warszawa
92%
Hiszpania Real Madryt
87%
Włochy Juventus
86%
Niemcy Bayern Monachium
85%
Anglia Liverpool
85%
Francja PSG
83%
Holandia Ajax
81%
Szkocja Celtic
67%
Portugalia FC Porto
67%
Ukraina Szachtar
67%
Rosja Zenit
65%
Czechy Slavia Praga
63%
Chorwacja Dinamo Zagrzeb
62%
Belgia Club Brugge
55%
Szwajcaria Young Boys
53%
Austria Red Bull Salzburg
46%
Serbia Crvena Zvezda
44%
Grecja Olympiakos
38%
Słowacja Slovan Bratysława
32%
Węgry Ferencvaros
28%
Irlandia Dundalk
26%
Luksemburg Dudelange
24%
Rumunia Cluj
22%
Liechtenstein FC Vaduz
21%
Norwegia Molde
21%
Turcja Basaksehir
18%
Mołdawia Sheriff Tyraspol
18%
Dania Midtjylland
15%
Łotwa Riga FC
14%
Irlandia Pólnocna Linfield
13%
Bułgaria Łudogorec Razgrad
13%
Bośnia I Hercegowina FK Sarajevo
8%
Szwecja Djurgardens
6%
Litwa Suduva
5%
Słowenia NK Celje
3%
Albania KF Tirana
1%
Macedonia Północna Wardar Skopje
1%
Walia Connah's Quay Nomads
0%
Białoruś Dynama Brześć
0%
Andora FC Santa Coloma
0%
Czarnogóra FK Budućnost Podgorica
0%
Malta Floriana
0%
Wyspy Owcze KI Klaksvík
0%
Islandia Knattspyrnufelag Reykjavikur
0%
Finlandia Kuopion Palloseura
0%
Estonia Tallinna FC Flora
0%
Nie znaleziono quizów pasujących do podanych kryteriów
Rozkład punktacji
Procent ludzi z każdym wynikiem
Percentyl według liczby udzielonych odpowiedzi
Twoja historia wyników
Nie rozwiązałeś tego quizu